Humble vicegerency khilafah in perspective services to the ultimate and humanity (Record no. 3771)
[ view plain ]
| 000 -LEADER | |
|---|---|
| fixed length control field | 00352nam a22001217a 4500 |
| 008 - FIXED-LENGTH DATA ELEMENTS--GENERAL INFORMATION | |
| fixed length control field | 250604b |||||||| |||| 00| 0 eng d |
| 020 ## - INTERNATIONAL STANDARD BOOK NUMBER | |
| ISBN | 9789788543477 |
| 245 ## - TITLE STATEMENT | |
| Title | Humble vicegerency khilafah in perspective services to the ultimate and humanity |
| 260 ## - PUBLICATION, DISTRIBUTION, ETC. (IMPRINT) | |
| Place of publication | kaduna |
| Name of publisher | abu press limited |
| Date of publication | 2019 |
| 300 ## - COLLATION | |
| Pagination | 235p |
| 942 ## - ADDED ENTRY ELEMENTS (KOHA) | |
| Item type | Books |
| 050 ## - LIBRARY OF CONGRESS CALL NUMBER | |
| Classification number | PN 6141 |
| Item number | .H 86 |
| Source of classification or shelving scheme | Not for loan | Permanent location | Current location | Date acquired | Accession No. | Full call number | Barcode. | Koha item type |
|---|---|---|---|---|---|---|---|---|
| Library of Congress Classification | Samuel Ogbemudia Main Library, University of Abuja | Samuel Ogbemudia Main Library, University of Abuja | 06/04/2025 | 2023/60634 | PN 6141.H 86 | 2025-2353 | Books |